000 00850cab a2200289 4500
001 ABS51362
008 090401t1994 xxu||||| |||| 00| 0 eng d
035 _a(Sirsi) u23320
041 _aeng
100 _aThompson, C.
245 _aStone cleaning: frozen waste
260 _c1994
350 _a0
490 _aBuilding
_v259(7861) 23 September 1994, 52(1)
520 _aFeatures "Cryogenesis", a dry ice masonry cleaning product developed in the USA. Brief description of laser cleaning for sandstone or limestone.
650 _aDRY ICE
650 _aLASER CLEANING
650 _aLASERS
650 _aLIMESTONE
650 _aMASONRY CLEANING
650 _aSANDSTONE
650 _aSTONE CLEANING
650 _aSTONE MASONRY
690 _aBUILDING AND CONSTRUCTION-REPAIRS AND MAINTENANCE
942 _n0
948 _c04/03/1997
999 _c15594
_d15594